| 000 | 01274nam a2200325 a 4500 | ||
|---|---|---|---|
| 001 | ebr10658213 | ||
| 003 | CaPaEBR | ||
| 006 | m u | ||
| 007 | cr cn||||||||| | ||
| 008 | 090730s2010 nyua sb 001 0 eng d | ||
| 010 | _z 2009031579 | ||
| 020 | _z9781604061857 | ||
| 020 | _z9781604061864 (e-book) | ||
| 040 |
_aCaPaEBR _cCaPaEBR |
||
| 035 | _a(OCoLC)834612661 | ||
| 050 | 1 | 4 |
_aRC683.5.I42 _bR33 2010eb |
| 082 | 0 | 4 |
_a616.1/20754 _222 |
| 245 | 0 | 0 |
_aRadcases cardiac imaging _h[electronic resource] / _cedited by Carlos Santiago Restrepo, Dianna M.E. Bardo. |
| 260 |
_aNew York : _bThieme, _c2010. |
||
| 300 |
_a214 p. : _bill. (some col.) |
||
| 504 | _aIncludes bibliographical references and index. | ||
| 533 |
_aElectronic reproduction. _bPalo Alto, Calif. : _cebrary, _d2013. _nAvailable via World Wide Web. _nAccess may be limited to ebrary affiliated libraries. |
||
| 650 | 0 |
_aHeart _xImaging _vCase studies. |
|
| 650 | 0 |
_aHeart _xDiseases _xDiagnosis _vCase studies. |
|
| 655 | 7 |
_aElectronic books. _2local |
|
| 700 | 1 | _aRestrepo, Carlos Santiago. | |
| 700 | 1 | _aBardo, Dianna M. E. | |
| 710 | 2 | _aebrary, Inc. | |
| 856 | 4 | 0 |
_uhttp://site.ebrary.com/lib/rucke/Doc?id=10658213 _zAn electronic book accessible through the World Wide Web; click to view |
| 999 |
_c178725 _d178725 |
||